[Event "HUN-chT4a 1819"]
[Site "Hungary"]
[Date "2018.10.06"]
[Round "1.4"]
[White "Timar, Balint"]
[Black "Prokai, Robert"]
[Result "0-1"]
[WhiteElo "1225"]
[BlackElo "1492"]
[PlyCount "50"]
[EventDate "2018.10.06"]
[EventType "team-tourn"]
[EventRounds "9"]
[EventCountry "HUN"]
[SourceTitle "EXT 2020"]
[Source "ChessBase"]
[SourceDate "2019.10.17"]
[SourceVersion "1"]
[SourceVersionDate "2019.10.17"]
[SourceQuality "1"]
[WhiteTeam "Janossomorja II"]
[BlackTeam "Janossomorja"]
[WhiteTeamCountry "HUN"]
[BlackTeamCountry "HUN"]

1. e4 e5 2. Nf3 Nc6 3. Bc4 Bc5 4. d3 d6 5. Bg5 Nf6 6. h3 h6 7. Bh4 g5 8. Bg3 Nh5 9. Nc3 Nxg3 10. fxg3 g4 11. Nh4 h5 12. Rf1 Rh7 13. Qe2 Qg5 14. Nf5 gxh3 15. gxh3 Bxf5 16. Rxf5 Qxg3+ 17. Kd1 Nd4 18. Qf2 Nxf5 19. Qe2 Qg1+ 20. Qe1 Ne3+ 21. Ke2 Qg2+ 22. Qf2 Qxf2+ 23. Kxf2 Nxc2+ 24. Ke2 Nxa1 25. Nd5 0-0-0 0-1

[Event "HUN-chT4 1718"]
[Site "Hungary"]
[Date "2017.11.25"]
[Round "4.8"]
[White "Prokai, Robert"]
[Black "Bereczki, Erno"]
[Result "0-1"]
[WhiteElo "1490"]
[BlackElo "1595"]
[PlyCount "94"]
[EventDate "2017.10.28"]
[EventType "team-tourn"]
[EventRounds "9"]
[EventCountry "HUN"]
[SourceTitle "EXT 2020"]
[Source "ChessBase"]
[SourceDate "2019.10.17"]
[SourceVersion "1"]
[SourceVersionDate "2019.10.17"]
[SourceQuality "1"]

1. e4 c5 2. f4 e6 3. Nf3 Nf6 4. e5 Nd5 5. c4 Nxf4 6. d4 Ng6 7. d5 d6 8. Bg5 Be7 9. Bxe7 Qxe7 10. exd6 Qxd6 11. Nc3 0-0 12. Ne4 Qb6 13. Qd2 exd5 14. cxd5 Re8 15. Bd3 Bf5 16. Qc2 Bxe4 17. Bxe4 Nd7 18. 0-0-0 Nde5 19. Rhf1 Qd6 20. Ng5 Rf8 21. h4 h6 22. h5 hxg5 23. hxg6 Nxg6 24. Rf5 Rae8 25. Rh1 Re5 26. Rxe5 Qxe5 27. Bxg6 fxg6 28. Qxc5 Qf4+ 29. Kc2 b6 30. Qc6 Qf5+ 31. Kb3 Qd3+ 32. Ka4 Rf4+ 33. b4 b5+ 34. Qxb5 Qc2+ 35. Ka3 Qc3+ 36. Ka4 Qc2+ 37. Ka3 Qc3+ 38. Ka4 Rh4 39. Rxh4 gxh4 40. Qe2 Kh7 41. Kb5 Qa3 42. d6 Qa6+ 43. Kc5 Qxe2 44. d7 Qe7+ 45. Kc6 Qd8 46. a4 g5 47. Kd6 g4 0-1

[Event "Level op-A 4th"]
[Site "Level"]
[Date "2016.03.14"]
[Round "6"]
[White "Prokai, Robert"]
[Black "Horvath, Tibor"]
[Result "0-1"]
[WhiteElo "1343"]
[BlackElo "1748"]
[PlyCount "82"]
[EventDate "2016.03.11"]
[EventType "swiss"]
[EventRounds "7"]
[EventCountry "HUN"]
[SourceTitle "EXT 2017"]
[Source "ChessBase"]
[SourceDate "2016.10.25"]
[SourceVersion "1"]
[SourceVersionDate "2016.10.25"]
[SourceQuality "1"]

1. e4 e6 2. f4 d5 3. e5 c5 4. c3 Nc6 5. Nf3 Qc7 6. d4 Bd7 7. Be3 cxd4 8. Bxd4 Nxd4 9. Nxd4 a6 10. Nd2 Bc5 11. N2f3 Ne7 12. Qc2 Nc6 13. Bd3 h6 14. b4 Nxd4 15. cxd4 Bxb4+ 16. Kf2 Qxc2+ 17. Bxc2 Rc8 18. Bb3 Bb5 19. Rab1 Ba3 20. Rhd1 Rc7 21. g4 Kd7 22. h4 Bc4 23. Ke3 b5 24. f5 Rhc8 25. f6 g6 26. Kf4 Bxb3 27. Rxb3 Rc3 28. Rd3 Bc1+ 29. Kg3 Rxd3 30. Rxd3 Rc2 31. a3 Ra2 32. Ne1 Rxa3 33. Rxa3 Bxa3 34. Kf3 Kc6 35. Ke2 a5 36. Kd3 a4 37. Kc2 Bf8 38. Nd3 b4 39. Kb2 Kb5 40. Nc1 Kc4 41. Ne2 Kd3 0-1

[Event "HUN-chT4a 1516"]
[Site "Hungary"]
[Date "2016.02.27"]
[Round "7.4"]
[White "Halmai, Florian"]
[Black "Prokai, Robert"]
[Result "1-0"]
[WhiteElo "1578"]
[BlackElo "1343"]
[PlyCount "105"]
[EventDate "2015.10.17"]
[EventType "team-tourn"]
[EventRounds "8"]
[EventCountry "HUN"]
[SourceTitle "EXT 2019"]
[Source "ChessBase"]
[SourceDate "2018.10.10"]
[SourceVersion "1"]
[SourceVersionDate "2018.10.10"]
[SourceQuality "1"]

1. d4 d5 2. c4 e6 3. Nc3 Nf6 4. Nf3 c5 5. e3 Nc6 6. Be2 Bd7 7. 0-0 a6 8. a3 Bd6 9. dxc5 Bxc5 10. cxd5 exd5 11. Nxd5 0-0 12. Nf4 Qc7 13. Qc2 Bd6 14. Bd3 Bg4 15. Ng5 h6 16. Ne4 Nxe4 17. Bxe4 Rac8 18. h3 Bd7 19. b4 Qd8 20. Qd3 Qf6 21. Rb1 Rfd8 22. Bb2 Be5 23. Nd5 Qe6 24. Qe2 Bxb2 25. Nb6 Qxe4 26. Nxc8 Bxa3 27. Nb6 Bxb4 28. Rfd1 Qe7 29. Nd5 Qc5 30. Qf3 a5 31. Qg3 Kf8 32. Qc7 Bf5 33. Nxb4 Rc8 34. Qxb7 axb4 35. Rbc1 Qe7 36. Qa6 Bd7 37. Rd5 Qe6 38. Rdc5 b3 39. Qa3 Ke8 40. Rb5 Rb8 41. Rxc6 Rxb5 42. Rxe6+ Bxe6 43. Qa8+ Ke7 44. Qc6 Rd5 45. Qc3 Rd1+ 46. Kh2 Rd7 47. e4 Kd8 48. f4 Rc7 49. Qb4 Kc8 50. f5 Bc4 51. Qf8+ Kd7 52. Qxg7 Be2 53. Qxf7+ 1-0

[Event "HUN-chT4a 1516"]
[Site "Hungary"]
[Date "2015.11.28"]
[Round "4.9"]
[White "Szabo, Richard"]
[Black "Prokai, Robert"]
[Result "1-0"]
[WhiteElo "1463"]
[BlackElo "1343"]
[PlyCount "61"]
[EventDate "2015.10.17"]
[EventType "team-tourn"]
[EventRounds "8"]
[EventCountry "HUN"]
[SourceTitle "EXT 2019"]
[Source "ChessBase"]
[SourceDate "2018.10.10"]
[SourceVersion "1"]
[SourceVersionDate "2018.10.10"]
[SourceQuality "1"]

1. e4 e5 2. Nc3 Nc6 3. Nf3 Bc5 4. a3 d6 5. Bc4 f5 6. d3 Nf6 7. Bg5 h6 8. Bxf6 Qxf6 9. Nd5 Qg6 10. Nh4 Qg5 11. g3 f4 12. Rf1 Bh3 13. Nxc7+ Kd7 14. Nxa8 fxg3 15. fxg3 Bxf1 16. Kxf1 Qe3 17. Qg4+ Kd8 18. Kg2 g5 19. Nf5 Qd2+ 20. Kh1 h5 21. Qh3 h4 22. Bb5 Qe2 23. g4 Nd4 24. Nxd4 Bxd4 25. c3 Qxb2 26. Rf1 Bxc3 27. Qf3 Qxb5 28. Qf6+ Kd7 29. Qg7+ Kd8 30. Qxh8+ Kd7 31. Qg7+ 1-0

[Event "Gyor Amateur op 2nd"]
[Site "Gyor"]
[Date "2015.05.17"]
[Round "4"]
[White "Prokai, Robert"]
[Black "Toreky, Zsombor"]
[Result "0-1"]
[WhiteElo "1309"]
[BlackElo "1388"]
[PlyCount "42"]
[EventDate "2015.05.16"]
[EventType "swiss"]
[EventRounds "7"]
[EventCountry "HUN"]
[SourceTitle "EXT 2016"]
[Source "ChessBase"]
[SourceDate "2015.10.08"]
[SourceVersion "1"]
[SourceVersionDate "2015.10.08"]
[SourceQuality "1"]

1. e4 e6 2. f4 d5 3. e5 c5 4. c3 Ne7 5. d4 Nf5 6. Nf3 c4 7. b3 Be7 8. bxc4 Bh4+ 9. g3 Nxg3 10. hxg3 Bxg3+ 11. Ke2 dxc4 12. Rg1 Bh4 13. Rxg7 b5 14. Qc2 Bb7 15. Rxh7 Bxf3+ 16. Kxf3 Rg8 17. Qh2 Qd5+ 18. Ke2 Qe4+ 19. Be3 Qd3+ 20. Kf3 Rg3+ 21. Kf2 Qxe3# 0-1